De andenes y partidas /
Guardado en:
| Autor Principal: | |
|---|---|
| Formato: | Libro |
| Publicado: |
Bahía Blanca :
Ediuns,
2011
|
| Materias: | |
| Etiquetas: |
Agregar Etiqueta
Sin Etiquetas, Sea el primero en etiquetar este registro!
|
| LEADER | 00647nam a22002295a 4500 | ||
|---|---|---|---|
| 001 | CEM.cems014934 | ||
| 005 | 20180523145220.0 | ||
| 008 | 130507s2011##################000#0#####d | ||
| 003 | CEMS | ||
| 020 | |a 9789871620357 | ||
| 082 | 0 | 4 | |a A861.4 |
| 100 | 1 | |a Goslino, Horacio Héctor | |
| 245 | 1 | 0 | |a De andenes y partidas / |c Horacio Héctor Goslino |
| 260 | |a Bahía Blanca : |b Ediuns, |c 2011 | ||
| 300 | |a 52 p. | ||
| 653 | |a Literatura | ||
| 653 | |a Literatura argentina | ||
| 653 | |a Poesía | ||
| 653 | |a Poseía argentina | ||
| 653 | |a Literatura bahiense | ||
| 653 | |a Poesía bahiense | ||
| 859 | |a CEMS |b BIB. CEMS - 11 de abril |h A861.4 |i G693 |p 27545.18 |t Ej.1 | ||
